000 00576nam a22001817a 4500
005 20230330090832.0
008 230314b cr ||||| |||| 00| 0 spa d
020 _a9968941204
050 0 4 _aKGB3015
_bS47 2002
100 1 _aSerrano Castro, Carlos Ml.
245 1 0 _aLibertad de prensa
_b : extensión y límites
_c / Carlos Ml. Serrano Castro.
250 _a1a ed.
260 _aSanJosé :
_bSociedad Periodística Extra,
_c2002
300 _a209 p. ;
_c21 cm.
504 _aIncluye anexo, bibliografía
650 7 _2lemb
_aLibertad de prensa
_zCosta Rica
942 _2lcc
_cLIB
999 _c60931
_d60931